[Event "27th 4NCL Congress Open 2022"]
[Site "Harrogate"]
[Date "2022.01.23"]
[Round "5.9"]
[White "Jarmany, John"]
[Black "Nicholson, Jim W R"]
[Result "1/2-1/2"]
[WhiteElo "2126"]
[BlackElo "1963"]
[Annotator "TA"]
[PlyCount "91"]
[EventDate "2022.01.21"]
[EventType "swiss"]
[EventCountry "ENG"]
[SourceTitle "playchess.com"]
[Source "ChessBase"]
[SourceQuality "1"]

{[%evp 9,91,28,27,28,27,27,48,31,51,7,7,4,12,-2,0,-14,0,0,30,32,30,31,34,0,12,0,0,8,8,8,8,0,0,0,0,0,0,0,0,-9,-9,-9,-13,-12,-13,-22,-16,-53,-17,-81,-53,-53,-6,-45,-19,-62,0,-8,0,0,0,0,0,0,0,0,0,0,0,0,0,0,0,0,0,0,0,0,0,0,0,0,0,0]} 1. d4 d5 2. c4 c6 3. cxd5 cxd5 4. Bf4 Nf6 5. e3 Nc6 6. Bd3 {D10: Slav Defence: 3 cxd5 (without early Nf3) and 3 Nc3.} g6 7. Nc3 a6 {To avoid Nb5} 8. Nf3 {White is slightly better.} Bg7 9. Ne5 (9. O-O $14) 9... Nh5 $11 10. Nxc6 bxc6 11. Bg3 Nxg3 12. hxg3 c5 13. dxc5 {[%cal Oc3d5] [#]} Bxc3+ $146 (13... O-O {feels hotter.} 14. Na4 Qa5+ 15. Kf1 Rb8 16. Rb1 Rd8) ({Predecessor:} 13... Qa5 14. Qa4+ Qxa4 15. Nxa4 Bd7 16. Nb6 Bxb2 17. Rb1 Bc3+ 18. Ke2 Ra7 19. Nxd5 Ba5 {1-0 (57) Kubicka,A (2142)-Nilssen,E (2129) Fredericia 2019}) 14. bxc3 {Hoping for Qa4+.} Qa5 {[%csl LRc3,LRc5] Inhibits Qa4+.} 15. Qb3 Qxc5 16. Qa4+ (16. Kd2 {looks sharper.} a5 17. Qa4+ Bd7 18. Qd4 Qxd4 19. cxd4 O-O 20. Rab1) 16... Bd7 17. Qd4 Qxd4 18. cxd4 Bb5 19. Kd2 Kd7 20. Rab1 h5 21. Rhc1 Rhc8 22. Rxc8 Kxc8 {[%mdl 4096] Endgame KRB-KRB} 23. Rc1+ Kd7 24. Rc5 e6 25. Kc3 Bxd3 26. Kxd3 {KR-KR} Rb8 27. Rc2 Rb6 28. f3 Rb7 29. e4 (29. Kd2 $11 {keeps the balance.}) 29... dxe4+ 30. fxe4 f6 (30... Ke7 $15 {is superior.}) 31. Rf2 Ke7 32. Kc4 (32. Rc2 $11 {deserves consideration.}) 32... Rb5 (32... f5 $15) 33. a4 {The position is equal.} Rb7 34. Kc5 a5 35. d5 {[#] aiming for d6+.} exd5 36. exd5 Rb4 37. d6+ Kd7 38. Rxf6 Rxa4 39. Rf7+ Kd8 40. Ra7 Ra3 41. Kc6 {[%cal Ra7a8] [#]} Rc3+ 42. Kd5 Rxg3 43. Ke6 {[%cal Ra7a8]} Re3+ 44. Kf6 Rg3 45. Ke6 {[%cal Ra7a8]} Re3+ 46. Kf6 {Weighted Error Value: White=0.12 (very precise) /Black=0.08 (flawless)} 1/2-1/2

[Event "27th 4NCL Congress Open 2022"]
[Site "Harrogate"]
[Date "2022.01.23"]
[Round "5.10"]
[White "Gardiner, Eric D"]
[Black "Burnett, Andrew"]
[Result "0-1"]
[WhiteElo "1982"]
[BlackElo "2183"]
[Annotator "TA"]
[PlyCount "110"]
[EventDate "2022.01.21"]
[EventType "swiss"]
[EventCountry "ENG"]
[SourceTitle "playchess.com"]
[Source "ChessBase"]
[SourceQuality "1"]

{[%evp 10,110,37,31,25,0,0,0,0,0,0,0,-8,-2,0,0,0,0,0,0,0,0,-4,-16,-16,-29,-10,-13,-10,-10,-6,-7,-1,-9,-9,-9,-9,-9,-17,-20,-20,-20,-19,-17,0,-68,0,0,13,0,0,0,0,-15,-15,-38,0,-10,-15,-14,0,0,0,0,0,0,0,-3,-2,-8,-8,-11,-15,-15,0,-77,-37,-54,-43,-60,0,0,0,0,0,0,0,0,0,0,0,0,0,0,0,-747,-741,-633,-666,-29981,-1070,-29983,-29984]} 1. e4 c5 2. c3 d5 3. exd5 Qxd5 4. d4 Nc6 5. Nf3 Bf5 6. Be3 cxd4 $1 {[%mdl 4] now scores much better than the old 6...Nf6. B22: Sicilian: 2 c3.} 7. cxd4 {[#] Threatens to win with Nc3.} (7. Nxd4 {is interesting.} e6 8. Qb3 Nge7 9. Nd2 O-O-O 10. N2f3) 7... Bxb1 8. Rxb1 e6 {The position is equal.} 9. a3 {Prevents Bb4+.} Nf6 10. Be2 Bd6 11. O-O O-O 12. Qd3 Qe4 13. Qxe4 Nxe4 14. Rfd1 Rfd8 15. Bc4 {[#]} Ne7 $146 ({Predecessor:} 15... Nf6 16. Bg5 Be7 17. Rbc1 Nd5 18. Be3 Rac8 19. g3 Na5 20. Bd3 Nb3 21. Rc2 g6 {½-½ (28) Hernandez,J (2171)-Moreno Marino,J (1912) Risaralda 2021}) 16. Ng5 Nf6 17. Bd3 Ned5 (17... Nf5 {is more complex.} 18. Nf3 Nd5 19. Bg5 f6 20. Bd2 Bf4) 18. Ne4 Nxe4 19. Bxe4 Be7 20. Rbc1 Bf6 21. Bxd5 (21. g3 {with more complications.} g6 22. Kg2 Rd7 23. Rc5 Rad8 24. Rdc1) 21... Rxd5 22. Rc7 Rb8 23. Rdc1 Kf8 24. Rc8+ Rxc8 25. Rxc8+ $11 {[%mdl 4096] Endgame KRB-KRB} Ke7 26. Kf1 b5 27. b3 (27. Ke2 $11) 27... Rd7 (27... Bxd4 $15 28. Rc7+ Kd6 29. Rxf7 Bxe3 30. fxe3 Rf5+ 31. Rxf5 exf5) 28. Rc5 Rb7 29. Ke2 Kd7 30. a4 a6 31. Kd3 Be7 32. Rc2 f5 33. Bf4 bxa4 34. bxa4 Rb3+ 35. Rc3 Rb7 36. Be5 g5 37. h3 h5 38. f3 Bd8 39. Kc4 Rb2 40. g4 hxg4 41. hxg4 Ba5 42. Rd3 (42. Rb3 $11 Rc2+ 43. Kd3 Rd2+ 44. Kc4) 42... fxg4 43. fxg4 Kc6 44. Rb3 {To avoid Rb4+} ({Don't go for} 44. d5+ $2 exd5+ 45. Kd4 Rb4+ 46. Kc3 Re4+ 47. Kc2 Rxe5 $19) 44... Rc2+ (44... Ra2 $15) 45. Kd3 Ra2 46. Rb8 Rxa4 47. Rg8 Ra3+ 48. Ke2 Ra2+ 49. Kd3 Ra3+ 50. Ke2 $1 Kd5 51. Rxg5 {[#] Strongly threatening Bc7+.} Ke4 52. Bg7 $2 {[%mdl 8192]} (52. Kf2 $11) 52... Ra2+ $19 53. Kd1 Kd3 {[%cal Ra2a1]} 54. d5 Rg2 (54... Rf2 $142 55. Kc1 Bd2+ 56. Kb2 Bxg5+ 57. Kb3 exd5 58. Kb4 Ke4 59. Kc5 Rc2+ 60. Kb4 d4 61. Kb3 Rc1 62. Kb4 d3 63. Bc3 d2 64. Bxd2 Bxd2+ 65. Kb3 Kd3 66. Kb2 Rc5 67. Kb3 Rb5+ 68. Ka3 Kc2 69. Ka4 Ra5#) 55. Kc1 Bd2+ {Weighted Error Value: White=0.49/Black=0.18 (very precise)} 0-1

[Event "27th 4NCL Congress Open 2022"]
[Site "Harrogate"]
[Date "2022.01.23"]
[Round "5.11"]
[White "May, Paul"]
[Black "Ther, Mate"]
[Result "1-0"]
[WhiteElo "1735"]
[BlackElo "2031"]
[Annotator "TA"]
[PlyCount "65"]
[EventDate "2022.01.21"]
[EventType "swiss"]
[EventCountry "ENG"]
[SourceTitle "playchess.com"]
[Source "ChessBase"]
[SourceQuality "1"]

{[%evp 9,65,0,27,2,16,-4,0,0,21,17,35,30,43,40,49,13,16,6,41,47,120,73,131,139,151,142,158,66,66,41,109,-20,-9,-44,-47,-30,-37,-33,-25,-27,0,0,68,-202,0,0,40,40,365,361,322,325,406,406,29990,29991,29997,29998]} 1. d4 Nf6 2. c4 e6 3. Nc3 d5 4. Bg5 {[%cal Bc1g5,Bg5h4,Bh4g3][%mdl 32]} Bb4 5. a3 Be7 (5... Bxc3+ $5 6. bxc3 c5 $11) 6. c5 {[#] D50: Queen's Gambit Declined: Dutch-Peruvian Gambit.} h6 $146 ({Predecessor:} 6... O-O 7. b4 b6 8. e3 Bb7 9. Nf3 Ne4 10. Bxe7 Qxe7 11. Qc2 Nxc3 12. Qxc3 {½-½ (58) Smaraglay,B (2113)-Antal,J (2160) Hungary 2002}) 7. Bh4 O-O 8. e3 {The position is equal.} c6 9. Nf3 Re8 10. Bd3 Nfd7 11. Bg3 $36 {[%mdl 2048] White has the initiative.} Bf6 12. b4 e5 13. Be2 g6 14. O-O Bg7 (14... exd4 $14 15. Nxd4 Nf8) 15. dxe5 {White is more active.} (15. Nxe5 $142 {Strongly threatening f4.} Nxe5 16. dxe5 (16. Bxe5 Bxe5 17. dxe5 Rxe5 $16)) 15... Nxe5 ({Black should play} 15... Qe7) 16. Nxe5 Bxe5 17. Bxe5 Rxe5 18. Qd4 (18. e4 $1 $16) 18... Qe7 $14 19. Bf3 f5 {[#] To avoid e4} (19... a5 $14) 20. Bxd5+ cxd5 $11 21. Nxd5 Qg7 22. f4 {[#]} Nc6 23. Qc4 Re6 24. Rad1 Kh8 25. b5 {[%cal Bb4b5,Bb5b6][%mdl 32]} Re4 ({Better is} 25... Na5 $1 $11 26. Qb4 b6) 26. Qd3 $2 {[%mdl 8192] [#]} (26. Qc3 $1 $14 {was forced to keep a grip.} Qxc3 27. Nxc3) 26... Nd8 $2 (26... Na5 $1 $19 {White must now prevent ...Be6.} 27. Qc3 Qxc3 28. Nxc3 Rc4 29. Rd8+ Kg7) 27. b6 $1 {Nc7 is the strong threat.} Ne6 {Prevents Nc7. Threatens to win with ...Bd7.} (27... Nc6 $5 {[%cal Rc8e6]} 28. Nc7 Rb8 29. bxa7 Nxa7 30. Qd8+ Qg8 $11) 28. Nc3 Nxc5 {[%mdl 8192]} (28... axb6 $14 29. Nxe4 fxe4 30. Qxe4 bxc5) 29. Qd8+ $18 Kh7 30. Nxe4 Nxe4 31. Rc1 ({Not} 31. bxa7 Nc3 $18) 31... Qg8 (31... Nc3 $18 32. Qd3 Bd7 33. Qxc3 Bc6 34. Qxg7+ Kxg7 35. bxa7 Rxa7) 32. Rc7+ Kh8 33. Qd4+ {Weighted Error Value: White=0.32/Black=0.69} 1-0

[Event "27th 4NCL Congress Open 2022"]
[Site "Harrogate"]
[Date "2022.01.23"]
[Round "5.12"]
[White "Stubbs, Oliver"]
[Black "Gordon, Sean"]
[Result "1-0"]
[WhiteElo "1920"]
[BlackElo "2039"]
[Annotator "TA"]
[PlyCount "72"]
[EventDate "2022.01.21"]
[EventType "swiss"]
[EventCountry "ENG"]
[SourceTitle "playchess.com"]
[Source "ChessBase"]
[SourceQuality "1"]

{[%evp 14,72,17,16,26,28,18,0,0,0,0,0,0,0,10,10,14,0,0,0,31,0,32,26,40,9,78,37,57,4,0,0,0,0,0,0,13,12,12,-37,64,56,68,37,51,46,35,39,55,44,43,47,42,0,0,0,23,10,33,8,1573]} 1. d4 Nf6 2. Nf3 g6 3. Bf4 Bg7 4. e3 O-O 5. Be2 d6 6. h3 c5 {Recently 6...Nc6 got a lot of attention.} 7. O-O Qb6 8. Nbd2 Be6 {A48: 1 d4 Nf6 2 Nf3 g6: Torre, London and Colle Systems.} 9. Ng5 Bd7 10. Nc4 Qc7 11. c3 h6 12. Nf3 b5 {To avoid a4} 13. Ncd2 cxd4 14. cxd4 Qb7 {[#]} 15. Qb3 $146 ({Predecessor:} 15. Bd3 Nd5 16. Bg3 Nc6 17. Qe2 a6 18. Rac1 Nb6 19. Rfd1 Rac8 20. Nb3 {½-½ (20) Muniz Pardino,A (2386)-Costa Trillo,V (2354) ICCF email 2019}) 15... a5 16. a4 {[%cal Ra4b5]} b4 17. Rfc1 Na6 {[%cal Bb8a6,Ba6c7,Bc7e6][%mdl 32]} 18. Nc4 Nc7 19. Bh2 (19. Nfd2 $5 {[%cal Re2f3]}) 19... Qa7 (19... Ne6 $11) 20. Bd3 ({White should play} 20. Nfd2 $16) 20... Ne6 21. Rc2 (21. Qd1 $14) 21... Rac8 $11 22. Rac1 Rc7 23. Nfd2 Rfc8 24. Qa2 Be8 25. Nb3 Nd5 26. Nbxa5 {[#]} (26. Qb1 $11) 26... Nb6 (26... Bxd4 $1 $15 27. exd4 Nxd4) 27. Nxb6 $1 $14 Rxc2 28. Rxc2 Rxc2 29. Bxc2 Qxa5 30. Nc4 $1 ({But not} 30. Nd5 $2 b3 31. Nxe7+ Kh8 $19) 30... b3 {[%cal Ra5e1] [#]} 31. Qa1 {Inhibits Qe1+.} Qb4 32. Bd3 Bxa4 33. Bg3 (33. Qa3 $14 Qxa3 34. Nxa3) 33... Bb5 $1 $11 34. Qf1 $1 Bc6 35. Qe2 Bb7 36. Qd2 Qa5 $2 {[%mdl 8192] Weighted Error Value: White=0.12 (very precise) /Black=0.14 (very precise)} 1-0

[Event "27th 4NCL Congress Open 2022"]
[Site "Harrogate"]
[Date "2022.01.23"]
[Round "5.13"]
[White "Eagleton, Greg T"]
[Black "Smerdon, David C"]
[Result "1-0"]
[WhiteElo "2078"]
[BlackElo "2508"]
[Annotator "TA"]
[PlyCount "111"]
[EventDate "2022.01.21"]
[EventType "swiss"]
[EventCountry "ENG"]
[SourceTitle "playchess.com"]
[Source "ChessBase"]
[SourceQuality "1"]

{[%evp 18,111,38,37,36,41,55,50,50,-16,-32,-31,0,20,23,-6,29,33,32,20,118,102,112,95,94,102,107,64,95,30,30,0,0,0,0,-33,-35,-41,-41,-36,-18,-28,0,-63,0,-29,0,0,0,0,0,0,0,0,0,0,0,0,0,0,8,8,8,8,8,8,768,0,0,0,706,5,451,385,5093,4539,2498,981,1762,2040,1533,1206,2029,1563,1212,1024,29959,29961,5118,5716,12807,11366,29978,29959,29985,29986]} 1. d4 Nf6 2. c4 g6 3. Nc3 Bg7 4. e4 d6 5. f3 O-O 6. Nge2 c5 7. Be3 cxd4 8. Nxd4 Nc6 9. Qd2 Nxd4 10. Bxd4 Qa5 {B38: Sicilian: Maroczy Bind with 5...Bg7 and 7...0-0.} 11. Be2 Bd7 12. O-O Nh5 {[%cal Oh5f4] [#] White is slightly better.} 13. b4 $146 (13. Bxg7 $14 Nxg7 14. Rad1) ({Predecessor:} 13. Bxg7 Nxg7 14. Rfd1 Rfc8 15. a3 Be6 16. b4 Qb6+ 17. c5 Qc6 18. cxd6 Qxc3 19. d7 Bxd7 20. Qxc3 Rxc3 21. Rxd7 {1-0 (59) Popovics,A (2396)-Blasko,I (2336) Hungary 2009}) 13... Qxb4 $11 14. Rfb1 Bxd4+ (14... Qa5 $15) 15. Qxd4 e5 16. Qe3 Qc5 17. Qxc5 dxc5 18. Rxb7 Be6 (18... Bc6 $11 {keeps the balance.} 19. Rc7 Rfc8) 19. Nd5 Nf4 20. Bf1 Bc8 21. Rb5 Ne6 {[#]} 22. Rab1 {White is much more active. Black has bad knights.} (22. Ra5 $1 $16) 22... Rd8 {[%cal Bf8d8,Bd8d2,Bd2a2][%mdl 32]} 23. Ne7+ (23. Ra5 $16) 23... Kg7 24. Nc6 Rd2 25. Ra5 Kf6 26. Rxa7 Rxa2 27. Rxa8 Rxa8 28. Rb6 $1 Bd7 29. Nb8 Bc8 30. g3 ({White should try} 30. Nc6 $11) 30... g5 ({Black should play} 30... Ra4 $1 $15) 31. h4 h6 32. Bh3 Ra1+ 33. Kf2 Ra4 34. Rc6 Bb7 35. Rb6 Bc8 36. Bxe6 Bxe6 {[%mdl 4096] Endgame KRB-KRN} 37. Nd7+ Ke7 38. Nxc5 Rxc4 39. Rb7+ Kf6 $1 40. Nxe6 fxe6 {KR-KR} 41. h5 {Rh7 is the strong threat.} Rc2+ $2 {[%mdl 8192]} (41... g4 $11) 42. Ke3 Rc3+ 43. Kf2 Rc2+ {[#]} 44. Kg1 $1 Rc1+ $2 {[%mdl 8192]} (44... Rc3 $11) 45. Kg2 $18 {Strongly threatening Rh7.} g4 $2 (45... Rc2+ 46. Kh3 Rf2) 46. fxg4 Rc2+ 47. Kf1 (47. Kh3 $142 Rc4 48. Rh7) 47... Rc4 48. Rh7 Rxe4 49. Rxh6+ Kg7 50. Rg6+ Kf7 51. g5 {Intending Rf6+ and mate.} Ra4 52. Rf6+ Ke7 53. h6 Ra8 54. Rg6 {Rg7+ would kill now.} Rh8 55. Rg7+ Kf8 56. Ke2 {Weighted Error Value: White=0.22 (precise) /Black=0.64} 1-0

[Event "27th 4NCL Congress Open 2022"]
[Site "Harrogate"]
[Date "2022.01.23"]
[Round "5.14"]
[White "Fathallah, Joe"]
[Black "Gomez Torres, Richard Daniel"]
[Result "1/2-1/2"]
[WhiteElo "1882"]
[BlackElo "2209"]
[Annotator "TA"]
[PlyCount "39"]
[EventDate "2022.01.21"]
[EventType "swiss"]
[EventCountry "ENG"]
[SourceTitle "playchess.com"]
[Source "ChessBase"]
[SourceQuality "1"]

{[%evp 13,39,14,12,25,24,20,20,20,27,13,28,25,24,25,38,14,17,-10,0,0,29,-24,0,-38,73,-10,-8,-25]} 1. d4 Nf6 2. c4 e6 3. Nc3 Bb4 4. Qc2 O-O 5. Bg5 {[%cal Bc1g5,Bg5h4,Bh4g3][%mdl 32]} h6 6. Bh4 d5 7. cxd5 exd5 8. e3 {E35: Nimzo-Indian: Classical: 4...d5 5 cxd5 exd5.} c6 9. Bd3 Re8 10. Nge2 Bd6 11. Bg3 {[#]} a5 $146 ({Predecessor:} 11... a6 12. O-O Bxg3 13. Nxg3 Qd6 14. Rae1 c5 15. dxc5 Qxc5 16. e4 d4 17. Nce2 Qxc2 18. Bxc2 {1-0 (51) Mardani,A (1971)-Mokkarian,A (1592) Chess.com INT 2021}) 12. O-O Na6 13. a3 {Inhibits Nb4.} Nc7 14. Rab1 h5 15. b4 Bxg3 16. hxg3 Qd6 17. Bf5 (17. b5 $142) 17... b5 18. Rfc1 Nd7 (18... Bxf5 $15 {keeps the upper hand.} 19. Qxf5 axb4 20. axb4 g6) 19. Bxd7 ({Better is} 19. bxa5 $16 {Na2 is the strong threat.} g6 20. Bd3) 19... Bxd7 $11 20. Nf4 {An interesting draw.  Weighted Error Value: White=0.26 (precise) /Black=0.24 (precise)} 1/2-1/2

[Event "27th 4NCL Congress Open 2022"]
[Site "Harrogate"]
[Date "2022.01.23"]
[Round "5.15"]
[White "Brencher, Paul"]
[Black "Pink, Joshua"]
[Result "1/2-1/2"]
[WhiteElo "1875"]
[BlackElo "1939"]
[Annotator "TA"]
[PlyCount "69"]
[EventDate "2022.01.21"]
[EventType "swiss"]
[EventCountry "ENG"]
[SourceTitle "playchess.com"]
[Source "ChessBase"]
[SourceQuality "1"]

{[%evp 9,69,47,45,56,68,51,64,48,68,30,91,88,86,85,112,105,111,112,108,96,128,98,114,98,108,87,112,119,113,107,128,110,116,112,259,239,290,288,303,303,299,291,288,212,368,291,292,226,210,177,172,90,87,83,125,122,121,99,110,91,155,96]} 1. d4 Nf6 2. Bg5 c5 3. d5 e6 4. e4 Qa5+ 5. Bd2 Qc7 6. Nc3 {A45: Trompowsky Attack.} a6 7. a4 {Prevents b5.} Be7 {[#]} 8. Bc4 $146 {White is slightly better.} ({Predecessor:} 8. Nf3 O-O 9. Be2 exd5 10. e5 d4 11. exf6 dxc3 12. Bxc3 Bxf6 13. Bxf6 gxf6 14. O-O {0-1 (38) Meduna,E (2495)-Blaskowski,J (2290) Germany 1990}) 8... O-O 9. Nf3 e5 (9... exd5 $11 10. exd5 (10. Nxd5 Nxd5 11. Bxd5 d6 $14) 10... d6) 10. O-O d6 11. h3 g6 12. a5 Nh5 13. Bh6 Re8 14. Qd2 Bf8 15. Ne2 Qe7 16. g4 Bxh6 17. Qxh6 Nf6 18. Ng3 {White is much more active.} Qf8 19. Qxf8+ Rxf8 20. Ra3 h5 {[#]} 21. gxh5 ({Resist} 21. g5 Bxh3 22. gxf6 Bxf1 23. Nxf1 (23. Kxf1 Nd7 $11) 23... Nd7 $14) 21... Nxh5 (21... Bxh3 $16 {was worth a try.} 22. Rfa1 Bg4) 22. Nxh5 $18 {Strongly threatening Nf6+.} gxh5 23. Nh4 Kh7 24. f4 Rg8+ 25. Kh2 {fxe5 is the strong threat.} Nd7 26. Nf5 exf4 $2 (26... Rg6 {was called for.} 27. Rg3 exf4 28. Rxg6 (28. Rxf4 Ne5 $16) 28... fxg6 29. Nxd6 g5) 27. Rxf4 Rg6 28. Be2 Ne5 29. Bxh5 Bxf5 30. exf5 ({White should play} 30. Rxf5 $18 Rg7 31. Rb3) 30... Rg5 $16 31. Bg4 Re8 (31... c4 $142) 32. Rb3 Re7 33. Rb6 Rd7 34. Kg3 f6 {[#]} (34... Kh6 $142) 35. b4 {Weighted Error Value: White=0.18 (very precise) /Black=0.25 (precise)} (35. Kf2 $142 $1) 1/2-1/2

[Event "27th 4NCL Congress Open 2022"]
[Site "Harrogate"]
[Date "2022.01.23"]
[Round "5.16"]
[White "Bak, Christopher"]
[Black "Varley, Joe"]
[Result "1-0"]
[WhiteElo "2022"]
[BlackElo "1832"]
[Annotator "TA"]
[PlyCount "139"]
[EventDate "2022.01.21"]
[EventType "swiss"]
[EventCountry "ENG"]
[SourceTitle "playchess.com"]
[Source "ChessBase"]
[SourceQuality "1"]

{[%evp 9,139,-8,20,-25,-10,-40,-21,-57,-14,-38,-14,-55,2,-83,-62,-189,-39,-42,-40,-38,-43,-56,-44,-101,-41,-88,-45,-58,-30,-102,-82,-119,-54,-61,-10,-145,-141,-174,-111,-116,-119,-112,-111,-132,-78,-89,-78,-136,-137,-139,-14,-60,-57,-47,-58,-29,-53,-110,-95,-100,-8,-8,-8,0,36,30,26,31,59,0,70,55,206,198,512,514,512,512,497,454,512,505,487,462,447,417,437,436,511,502,473,417,392,364,5197,4715,2768,2491,29964,29966,29969,29970,29970,29970,29970,29972,29972,29970,29975,29976,29976,29977,29977,29978,29978,29979,29979,29980,29980,29981,29981,29981,29983,29983,29983,29984,29984,29985,29985,29986,29986,29986]} 1. e4 e5 2. Nf3 Nc6 3. c3 d5 4. Qa4 Qd6 5. Bb5 Bd7 6. d3 {C44: Ponziani Opening and Scotch Gambit.} (6. exd5 {was preferrable.} Qxd5 7. d3) 6... Nf6 {[#]} 7. exd5 $146 ({Predecessor:} 7. O-O Be7 8. Re1 O-O 9. exd5 Nxd5 10. Nbd2 Nb6 11. Qc2 f6 12. Ne4 Qd5 13. c4 Qf7 {½-½ (34) Marti Olivella,G (1884)-Hernando Santiago,A (1604) Salobrena 2019}) 7... Nxd5 8. Nbd2 {The position is equal.} Nb6 (8... a6 $15 {is more appropriate.}) 9. Qc2 O-O-O 10. Ne4 (10. O-O $11) 10... Qe6 (10... Qd5 $15 11. Qb3 Qxb3 12. axb3 f6) 11. Be3 (11. a4 $11 {keeps the balance.}) 11... a6 $17 12. Bxb6 ({Better is} 12. Bxc6 $15 Bxc6 13. O-O) 12... cxb6 (12... axb5 $19 13. Be3 f5) 13. Bc4 $15 Qg6 14. O-O-O Be7 {Inhibits Neg5.} (14... Qxg2 $2 15. Nfg5 f6 16. Rdg1 $1 Qxh1 17. Rxh1 $18) (14... f6 {feels hotter.} 15. Ng3 Kb8 16. d4 exd4 17. Nxd4 Nxd4 18. Rxd4 Qxc2+ 19. Kxc2 Bc5) 15. Kb1 f5 ({Much less strong is} 15... Qxg2 16. Nfg5 f6 17. Rdg1 $1 Qxh1 18. Rxh1 $14) 16. Ned2 (16. Ng3 $15) 16... Rhe8 (16... Qxg2 $17 {White must now prevent ...b5.} 17. Bd5 Qxf2) 17. g3 (17. Bd5 $15) 17... Qd6 (17... b5 $17 18. Bb3 Kb8) 18. Bf7 Rf8 19. Bb3 (19. Nc4 $11 {remains equal.} Qc7 20. Bd5) 19... b5 $1 $17 20. Rhe1 Bf6 (20... Kb8 $17 21. Nf1 f4) 21. d4 $15 exd4 (21... e4 $15 22. Ng1 Rde8) 22. cxd4 (22. Nxd4 $11 Nxd4 23. cxd4+ Kb8 24. Nf3) 22... Kb8 $17 23. Qc5 Bc8 (23... Qxc5 $19 24. dxc5 Be8) 24. Qxd6+ Rxd6 25. d5 {[#]} Na5 26. Ne5 g6 (26... f4 $142 27. Ndf3 Nxb3 28. axb3 fxg3 29. fxg3 Bh3) 27. f4 {[#]} b6 $1 28. Re3 (28. Nc6+ $142 Nxc6 29. dxc6) 28... Bb7 29. Rd3 g5 (29... Nxb3 $17 30. Nxb3 Re8 31. Nc6+ Bxc6 32. dxc6 Rxd3 33. Rxd3 Re2) 30. Bc2 (30. Ndf3 $11) 30... Bxe5 $15 (30... Bxd5 $2 31. Nb3 $18) 31. fxe5 Rxd5 32. Rxd5 Bxd5 33. Rf1 (33. Nb3 $15 Bxb3 34. axb3) 33... f4 $17 34. gxf4 Rxf4 ({Black should try} 34... gxf4 $17 35. b3 Nc6 36. Bxh7 Nxe5) 35. Rxf4 $11 gxf4 36. Bxh7 Nc4 37. Nxc4 bxc4 $14 {[%mdl 4096] Endgame KB-KB} 38. Kc2 {Threatens to win with Bg6.} Kc7 $1 39. Bf5 (39. Kc3 $14) 39... Bf7 ({Black should play} 39... Kc6 $11) 40. Kc3 {And now Bg4 would win.} Kc6 $2 (40... f3 $14) 41. Kd4 $18 {Strongly threatening h4.} Bh5 $2 (41... c3 {is tougher.}) 42. Be4+ Kd7 43. Kxc4 Ke6 44. Kd4 f3 45. Ke3 f2 46. Kxf2 Kxe5 47. Bb7 a5 48. Bc6 Kd4 49. Bb5 Bf7 50. a3 Kc5 51. Be2 b5 $2 (51... Kd4 52. Kg3 Ke3) 52. Ke3 b4 53. h4 {h5 is the strong threat.} bxa3 54. bxa3 {White mates.} a4 55. Kd3 ({Not} 55. h5 Bxh5 56. Bxh5 Kc4 $11) 55... Kd6 56. Kd4 Ke7 57. Kc5 Kf8 58. Kb4 Bd5 59. Kxa4 Be4 60. Kb4 Bc2 61. Bc4 Kg7 62. Bb3 Be4 63. a4 {[%cal Ba3a4,Ba4a5,Ba5a6,Ba6a7][%mdl 32]} Kh6 64. a5 Bb7 65. Kc5 Kh5 66. Bc4 Kxh4 67. Kb6 Bf3 68. a6 Kg5 69. a7 Kf5 70. Ba6 {What a bad dream for Black.  Weighted Error Value: White=0.26 (precise) /Black=0.47} 1-0